000 01087nam a2200337 i 4500
003 EG-ScBUE
005 20250615083424.0
008 160316r20151997ii a f 001 0 eng d
020 _a9780074632178
020 _a0074632175
040 _aEG-ScBUE
_beng
_erda
_cEG-ScBUE
_dEG-ScBUE
082 0 4 _a536.1
_bKER
_222
100 1 _aKern, Donald Quentin,
_d1914-
_eauthor.
_939574
245 1 0 _aProcess heat transfer /
_cby Donald Q. Kern.
250 _aIndian edition.
250 _aReprint edition.
264 1 _aDelhi :
_bMcGraw-Hill Education (India) Private Limited,
_c2015.
300 _axii, 871 pages :
_billustrations ;
_c24 cm
336 _2rdacontent
_atext
_btxt
337 _aunmediated
_2rdamedia
_bn
338 _avolume
_bnc
_2rdacarrier
500 _aReprinted of 1997 ed.
500 _aprevious edition 28th Indian reprint ed., 2015.
500 _aIncludes indexes.
650 7 _aHeat
_xTransmission.
_2BUEsh
_93121
650 7 _aHeating.
_2BUEsh
651 _2BUEsh
653 _bENGCHE
_cMarch2016
_cMarch2019
655 _vReading book
_934232
942 _2ddc
_cBB
999 _c21434
_d21406